Computational Geometry XIV Spanish Meeting on Computational Geometry, EGC 2011, Dedicated to Ferran Hurtado on the Occasion of His 60th Birthday, Alcalá de Henares, Spain, June 27-30, 2011, Revised Selected Papers /

This Festschrift volume is published in honor of Ferran Hurtado on the occasion of his 60th birthday; it contains extended versions of selected communications presented at the XIV Spanish Meeting on Computational Geometry, held at the University of Alcalá, Spain, in June 2011. Ferran Hurtado has pla...

Full description

Bibliographic Details
Corporate Author: SpringerLink (Online service)
Other Authors: Márquez, Alberto (Editor), Ramos, Pedro (Editor), Urrutia, Jorge (Editor)
Format: Electronic eBook
Language:English
Published: Berlin, Heidelberg : Springer Berlin Heidelberg : Imprint: Springer, 2012.
Series:Lecture Notes in Computer Science, 7579
Subjects:
Online Access:Full Text via HEAL-Link
LEADER 05863nam a22005895i 4500
001 978-3-642-34191-5
003 DE-He213
005 20151103121802.0
007 cr nn 008mamaa
008 121116s2012 gw | s |||| 0|eng d
020 |a 9783642341915  |9 978-3-642-34191-5 
024 7 |a 10.1007/978-3-642-34191-5  |2 doi 
040 |d GrThAP 
050 4 |a QA76.9.A43 
072 7 |a UMB  |2 bicssc 
072 7 |a COM051300  |2 bisacsh 
082 0 4 |a 005.1  |2 23 
245 1 0 |a Computational Geometry  |h [electronic resource] :  |b XIV Spanish Meeting on Computational Geometry, EGC 2011, Dedicated to Ferran Hurtado on the Occasion of His 60th Birthday, Alcalá de Henares, Spain, June 27-30, 2011, Revised Selected Papers /  |c edited by Alberto Márquez, Pedro Ramos, Jorge Urrutia. 
264 1 |a Berlin, Heidelberg :  |b Springer Berlin Heidelberg :  |b Imprint: Springer,  |c 2012. 
300 |a X, 283 p. 176 illus.  |b online resource. 
336 |a text  |b txt  |2 rdacontent 
337 |a computer  |b c  |2 rdamedia 
338 |a online resource  |b cr  |2 rdacarrier 
347 |a text file  |b PDF  |2 rda 
490 1 |a Lecture Notes in Computer Science,  |x 0302-9743 ;  |v 7579 
505 0 |a On 5-Gons and 5-Holes.- On Reversibility among Parallelohedra -- A History of Flips in Combinatorial Triangulations.- Open Guard Edges and Edge Guards in Simple Polygons -- String-Wrapped Rotating Disks -- The Chromatic Number of the Convex Segment Disjointness Graph -- Continuous Flattening of Convex Polyhedra -- Convexifying Monotone Polygons while Maintaining Internal Visibility -- On the Number of Radial Orderings of Colored Planar Point Sets -- Notes on the Twisted Graph.-Locating a Service Facility and a Rapid Transit Line -- Simultaneously Flippable Edges in Triangulations.- Spiral Serpentine Polygonization of a Planar Point Set -- The 1-Center and 1-Highway Problem -- Compact Grid Representation of Graphs -- On the Heaviest Increasing or Decreasing Subsequence of a Permutation, and Paths and Matchings on Weighted Point Sets -- A Generalization of the Source Unfolding of Convex Polyhedra -- Large Angle Crossing Drawings of Planar Graphs in Subquadratic Area -- Connecting Red Cells in a Bicolour Voronoi Diagram -- Covering Islands in Plane Point Sets -- Rectilinear Convex Hull with Minimum Area -- Separated Matchings and Small Discrepancy Colorings -- A Note on the Number of Empty Triangles -- Meshes Preserving Minimum Feature Size -- Geometric Graphs in the Plane Lattice. On Reversibility among Parallelohedra -- A History of Flips in Combinatorial Triangulations.- Open Guard Edges and Edge Guards in Simple Polygons -- String-Wrapped Rotating Disks -- The Chromatic Number of the Convex Segment Disjointness Graph -- Continuous Flattening of Convex Polyhedra -- Convexifying Monotone Polygons while Maintaining Internal Visibility -- On the Number of Radial Orderings of Colored Planar Point Sets -- Notes on the Twisted Graph.-Locating a Service Facility and a Rapid Transit Line -- Simultaneously Flippable Edges in Triangulations.- Spiral Serpentine Polygonization of a Planar Point Set -- The 1-Center and 1-Highway Problem -- Compact Grid Representation of Graphs -- On the Heaviest Increasing or Decreasing Subsequence of a Permutation, and Paths and Matchings on Weighted Point Sets -- A Generalization of the Source Unfolding of Convex Polyhedra -- Large Angle Crossing Drawings of Planar Graphs in Subquadratic Area -- Connecting Red Cells in a Bicolour Voronoi Diagram -- Covering Islands in Plane Point Sets -- Rectilinear Convex Hull with Minimum Area -- Separated Matchings and Small Discrepancy Colorings -- A Note on the Number of Empty Triangles -- Meshes Preserving Minimum Feature Size -- Geometric Graphs in the Plane Lattice. 
520 |a This Festschrift volume is published in honor of Ferran Hurtado on the occasion of his 60th birthday; it contains extended versions of selected communications presented at the XIV Spanish Meeting on Computational Geometry, held at the University of Alcalá, Spain, in June 2011. Ferran Hurtado has played a central role in the Spanish community of Computational Geometry since its very beginning, and the quantity and quality of the international participants in the conference is an indisputable proof of his relevance in the international level. The 26 revised full papers were carefully reviewed and selected from numerous submissions. The papers present original research in computational geometry, in its broadest sense. Topics included are discrete and combinatorial geometry, linear programming applied to geometric problems, geometric algorithms and data structures, theoretical foundations of computational geometry, questions of interest in the implementation of geometric algorithms, and applications of computational geometry. 
650 0 |a Computer science. 
650 0 |a Computer communication systems. 
650 0 |a Data structures (Computer science). 
650 0 |a Computers. 
650 0 |a Algorithms. 
650 0 |a Computer science  |x Mathematics. 
650 0 |a Computer graphics. 
650 1 4 |a Computer Science. 
650 2 4 |a Algorithm Analysis and Problem Complexity. 
650 2 4 |a Discrete Mathematics in Computer Science. 
650 2 4 |a Computer Graphics. 
650 2 4 |a Data Structures. 
650 2 4 |a Computation by Abstract Devices. 
650 2 4 |a Computer Communication Networks. 
700 1 |a Márquez, Alberto.  |e editor. 
700 1 |a Ramos, Pedro.  |e editor. 
700 1 |a Urrutia, Jorge.  |e editor. 
710 2 |a SpringerLink (Online service) 
773 0 |t Springer eBooks 
776 0 8 |i Printed edition:  |z 9783642341908 
830 0 |a Lecture Notes in Computer Science,  |x 0302-9743 ;  |v 7579 
856 4 0 |u http://dx.doi.org/10.1007/978-3-642-34191-5  |z Full Text via HEAL-Link 
912 |a ZDB-2-SCS 
912 |a ZDB-2-LNC 
950 |a Computer Science (Springer-11645)